Francouzské spořitelny se připravují na 21. století

Významné miesto majú sporiteľne vo Francúzsku. Nový zákon o reforme sporiteľní schválený 17.6.1999. Transformácia sporiteľní na družstevné banky. Vznik nového centrálneho vedenia sporiteľní.

Salvato in:
Dettagli Bibliografici
Autore principale: Žižka, Jan
Natura: Capitolo di libro
Lingua:ceco
Soggetti:
Tags: Aggiungi Tag
Nessun Tag, puoi essere il primo ad aggiungerne!!

MARC

LEADER 00000naa a2200000 4500
001 r037172
005 20230929094415.1
041 0 |a cze 
044 |a CZ 
245 1 0 |a Francouzské spořitelny se připravují na 21. století  |c Jan Žižka 
520 |a Významné miesto majú sporiteľne vo Francúzsku. Nový zákon o reforme sporiteľní schválený 17.6.1999. Transformácia sporiteľní na družstevné banky. Vznik nového centrálneho vedenia sporiteľní. 
610 2 0 |a sporiteľne 
610 2 0 |a Francúzsko 
610 2 0 |a transformácia 
610 2 0 |a banky družstevné 
610 2 0 |a zákony 
610 2 0 |a 1999 
100 1 |a Žižka, Jan